[Event "NB2 Toth Laszlo csoport"]
[Site "Gyula"]
[Date "2024.12.15"]
[Round "4.11"]
[White "Gajdos, Mark"]
[Black "Major, Peter"]
[Result "1-0"]
[WhiteElo "1779"]
[BlackElo "1677"]
[PlyCount "77"]
[GameId "2123390645667346"]
[EventDate "2024.11.03"]
[EventType "team-tourn"]
[EventRounds "9"]
[EventCountry "HUN"]
[Source "chess.hu"]
[WhiteTeam "Neumann J. Egyetem"]
[BlackTeam "Gyulai SE"]
[WhiteTeamCountry "HUN"]
[BlackTeamCountry "HUN"]

1. e4 c5 2. c3 d5 3. exd5 Qxd5 4. Nf3 g6 5. d4 Bg7 6. Be3 Nh6 7. dxc5 Qxd1+ 8. Kxd1 Ng4 9. Nbd2 Nxe3+ 10. fxe3 Be6 11. Bb5+ Nd7 12. Nd4 Bg4+ 13. Kc2 O-O-O 14. h3 a6 15. Bc4 Bf5+ 16. e4 e5 17. N4f3 Nxc5 18. exf5 e4 19. Ng5 e3 20. Ndf3 Rhe8 21. Bxf7 Re7 22. Ne6 Rd5 23. Nxc5 Rxf7 24. Ne6 gxf5 25. Nxg7 Rxg7 26. Rhg1 f4 27. Rad1 Rh5 28. Rd4 Re7 29. Rxf4 e2 30. Kd2 Rd5+ 31. Rd4 Rb5 32. b3 Ra5 33. a4 b5 34. Re1 bxa4 35. Rxa4 Rd5+ 36. Nd4 Rg5 37. g4 h5 38. gxh5 Rxh5 39. Rxe2 1-0

[Event "NB2 Toth Laszlo csoport"]
[Site "Gyula"]
[Date "2024.12.15"]
[Round "4.12"]
[White "Godo, Csongor"]
[Black "Csikai, Zsofia"]
[Result "0-1"]
[WhiteElo "1606"]
[BlackElo "1641"]
[PlyCount "74"]
[GameId "2123390685828642"]
[EventDate "2024.11.03"]
[EventType "team-tourn"]
[EventRounds "9"]
[EventCountry "HUN"]
[Source "chess.hu"]
[WhiteTeam "Gyulai SE"]
[BlackTeam "Neumann J. Egyetem"]
[WhiteTeamCountry "HUN"]
[BlackTeamCountry "HUN"]

1. d4 d5 2. Bf4 Nf6 3. e3 e6 4. Nf3 Nbd7 5. Nbd2 c5 6. c3 Qb6 7. Qb3 Qxb3 8. axb3 Nh5 9. Bg3 Nxg3 10. hxg3 Bd6 11. Bd3 e5 12. dxe5 Nxe5 13. Nxe5 Bxe5 14. Bb5+ Bd7 15. Bxd7+ Kxd7 16. Nf3 Bf6 17. Rd1 Kc6 18. Rh5 Rad8 19. Ne5+ Bxe5 20. Rxe5 Rhe8 21. Rxe8 Rxe8 22. Kd2 Re6 23. Rh1 h6 24. Rh4 Re4 25. f3 Rxh4 26. gxh4 h5 27. Kd3 b5 28. e4 dxe4+ 29. Kxe4 Kd6 30. c4 b4 31. Kf4 Ke7 32. Kg5 Ke6 33. Kxh5 Kf5 34. g3 a6 35. g4+ Kf4 36. g5 Kf5 37. f4 a5 0-1

[Event "NB2 Toth Laszlo csoport"]
[Site "Mako"]
[Date "2024.12.15"]
[Round "4.1"]
[White "Udvardi, Zalan"]
[Black "Farkas, Tibor"]
[Result "1-0"]
[WhiteElo "2228"]
[BlackElo "2215"]
[PlyCount "59"]
[GameId "2124574132183090"]
[EventDate "2024.11.03"]
[EventType "team-tourn"]
[EventRounds "9"]
[EventCountry "HUN"]
[Source "chess.hu"]
[WhiteTeam "Felegyhaza-Csongrad"]
[BlackTeam "Duocor-Makoi SVSE II"]
[WhiteTeamCountry "HUN"]
[BlackTeamCountry "HUN"]

1. e4 c5 2. c3 d5 3. exd5 Qxd5 4. d4 Nf6 5. Nf3 g6 6. Be3 cxd4 7. cxd4 Bg7 8. Nc3 Qd8 9. Bc4 O-O 10. h3 e6 11. O-O Nbd7 12. Ne5 Nb6 13. Bb3 Nfd5 14. Qf3 Nxe3 15. fxe3 Bxe5 16. dxe5 Qg5 17. Ne4 Qxe5 18. Nf6+ Kh8 19. Rad1 Nd5 20. Bxd5 exd5 21. Rxd5 Qe7 22. Qf4 Be6 23. Rh5 gxh5 24. Qh6 Qxf6 25. Qxf6+ Kg8 26. Rf3 Rfc8 27. Qh6 h4 28. Qxh4 Bxa2 29. Rg3+ Kf8 30. Qb4+ 1-0

[Event "NB2 Toth Laszlo csoport"]
[Site "Mako"]
[Date "2024.12.15"]
[Round "4.2"]
[White "Mokcsay, Robert"]
[Black "Pacal, Mihaly"]
[Result "0-1"]
[WhiteElo "2221"]
[BlackElo "2101"]
[PlyCount "92"]
[GameId "2124574171557964"]
[EventDate "2024.11.03"]
[EventType "team-tourn"]
[EventRounds "9"]
[EventCountry "HUN"]
[Source "chess.hu"]
[WhiteTeam "Duocor-Makoi SVSE II"]
[BlackTeam "Felegyhaza-Csongrad"]
[WhiteTeamCountry "HUN"]
[BlackTeamCountry "HUN"]

1. c4 f5 2. g3 Nf6 3. Bg2 g6 4. d3 d6 5. e4 fxe4 6. dxe4 e5 7. Ne2 Bg7 8. O-O O-O 9. h3 Be6 10. Qd3 Nbd7 11. Be3 Nh5 12. Nd2 Rf7 13. Rad1 Qf8 14. b3 Bh6 15. Kh2 Bxe3 16. Qxe3 a6 17. Nf3 h6 18. Nh4 Kh7 19. f4 exf4 20. gxf4 Qe7 21. Nd4 Nf8 22. Nxe6 Qxh4 23. f5 Qf6 24. Nf4 Nxf4 25. Qxf4 g5 26. e5 dxe5 27. Qe3 c6 28. Qb6 e4 29. Rde1 Re8 30. Kh1 Rfe7 31. Re3 Kg8 32. a4 Nh7 33. Qc5 Re5 34. Qb6 R5e7 35. Qc5 Qe5 36. Qb6 Nf6 37. Kg1 Qd6 38. b4 Qe5 39. b5 axb5 40. cxb5 Nd5 41. Qc5 Nxe3 42. Qxe3 cxb5 43. axb5 Qxb5 44. f6 Rf7 45. Bxe4 Qe5 46. Re1 Kh8 0-1

[Event "NB2 Toth Laszlo csoport"]
[Site "Mako"]
[Date "2024.12.15"]
[Round "4.3"]
[White "Kemeny, Csaba"]
[Black "Restas, Peter"]
[Result "1/2-1/2"]
[WhiteElo "2078"]
[BlackElo "2028"]
[PlyCount "37"]
[GameId "2124574209450076"]
[EventDate "2024.11.03"]
[EventType "team-tourn"]
[EventRounds "9"]
[EventCountry "HUN"]
[Source "chess.hu"]
[WhiteTeam "Felegyhaza-Csongrad"]
[BlackTeam "Duocor-Makoi SVSE II"]
[WhiteTeamCountry "HUN"]
[BlackTeamCountry "HUN"]

1. d4 Nf6 2. f4 d5 3. Nf3 g6 4. e3 Bg7 5. Bd3 O-O 6. O-O c5 7. c3 b6 8. Nbd2 Ba6 9. Qe2 Qc8 10. e4 dxe4 11. Nxe4 Bxd3 12. Qxd3 cxd4 13. Qxd4 Ng4 14. Qd3 Na6 15. Be3 Rd8 16. Qe2 Nxe3 17. Qxe3 Nc5 18. Nxc5 Qxc5 19. Rfe1 1/2-1/2

[Event "NB2 Toth Laszlo csoport"]
[Site "Mako"]
[Date "2024.12.15"]
[Round "4.6"]
[White "Gyori, Gabor"]
[Black "Nagy, Jozsef"]
[Result "1-0"]
[WhiteElo "1890"]
[BlackElo "1907"]
[PlyCount "59"]
[GameId "2124574311874700"]
[EventDate "2024.11.03"]
[EventType "team-tourn"]
[EventRounds "9"]
[EventCountry "HUN"]
[Source "chess.hu"]
[WhiteTeam "Duocor-Makoi SVSE II"]
[BlackTeam "Felegyhaza-Csongrad"]
[WhiteTeamCountry "HUN"]
[BlackTeamCountry "HUN"]

1. Nf3 Nf6 2. d4 d5 3. c4 g6 4. cxd5 Qxd5 5. Nc3 Qd8 6. e4 Bg7 7. Be2 O-O 8. O-O b6 9. Bg5 Bb7 10. Qc2 Nbd7 11. Rfd1 Re8 12. d5 h6 13. Bh4 g5 14. Bg3 Nh5 15. Nb5 Nxg3 16. hxg3 Rf8 17. Nfd4 Bxd4 18. Nxd4 Ne5 19. f4 Ng6 20. Qd2 e6 21. dxe6 fxe6 22. Bc4 Kh7 23. Nxe6 Qxd2 24. Nxf8+ Nxf8 25. Rxd2 gxf4 26. gxf4 Bxe4 27. Re1 Bf5 28. Bd3 Kg6 29. Re7 Ne6 30. Rxe6+ 1-0

[Event "NB2 Toth Laszlo csoport"]
[Site "Mako"]
[Date "2024.12.15"]
[Round "4.7"]
[White "Hideg, Istvan Benjamin"]
[Black "Balassy, Gabor"]
[Result "1-0"]
[WhiteElo "1903"]
[BlackElo "1919"]
[PlyCount "70"]
[GameId "2124574434381980"]
[EventDate "2024.11.03"]
[EventType "team-tourn"]
[EventRounds "9"]
[EventCountry "HUN"]
[Source "chess.hu"]
[WhiteTeam "Felegyhaza-Csongrad"]
[BlackTeam "Duocor-Makoi SVSE II"]
[WhiteTeamCountry "HUN"]
[BlackTeamCountry "HUN"]

1. e4 c6 2. d4 d5 3. e5 Bf5 4. h4 h5 5. Bd3 Bxd3 6. Qxd3 e6 7. Bg5 Qa5+ 8. Nd2 Nd7 9. Ngf3 Ne7 10. O-O Nf5 11. c4 Qa6 12. b3 Be7 13. Bxe7 Kxe7 14. Rfc1 Rad8 15. Qc3 Qb6 16. Nf1 Nf8 17. Ne3 Nxe3 18. fxe3 f6 19. exf6+ gxf6 20. Re1 Rg8 21. e4 Ng6 22. exd5 cxd5 23. Qe3 e5 24. Qh6 Nxh4 25. Qh7+ Ke6 26. cxd5+ Kd6 27. Re3 Nxf3+ 28. Rxf3 Qxd4+ 29. Kh2 Qxa1 30. Rxf6+ Kxd5 31. Qxb7+ Kd4 32. Qb4+ Ke3 33. Rf3+ Ke2 34. Qe4+ Kd2 35. Rf2+ Kc1 1-0

[Event "NB2 Toth Laszlo csoport"]
[Site "Mako"]
[Date "2024.12.15"]
[Round "4.8"]
[White "Diamant, Tibor"]
[Black "Hideg, Ferenc Bendeguz"]
[Result "1/2-1/2"]
[WhiteElo "1930"]
[BlackElo "1870"]
[PlyCount "63"]
[GameId "2124574470733998"]
[EventDate "2024.11.03"]
[EventType "team-tourn"]
[EventRounds "9"]
[EventCountry "HUN"]
[Source "chess.hu"]
[WhiteTeam "Duocor-Makoi SVSE II"]
[BlackTeam "Felegyhaza-Csongrad"]
[WhiteTeamCountry "HUN"]
[BlackTeamCountry "HUN"]

1. e4 e5 2. Nf3 Nc6 3. Bb5 Nf6 4. O-O Nxe4 5. Re1 Nd6 6. Nxe5 Be7 7. Ba4 Nxe5 8. Rxe5 O-O 9. d4 Bf6 10. Re1 Re8 11. c3 Rxe1+ 12. Qxe1 Qe8 13. Qxe8+ Nxe8 14. Bf4 c6 15. Nd2 d5 16. Re1 Be6 17. Nf3 g6 18. h3 Ng7 19. g4 Re8 20. Be5 Bd8 21. Kg2 h6 22. Bc2 g5 23. Nh2 f6 24. Bg3 Kf7 25. f3 a6 26. Nf1 f5 27. Be5 fxg4 28. fxg4 Bf6 29. Ng3 Bxe5 30. Rxe5 Bd7 31. Rxe8 Kxe8 32. Bg6+ 1/2-1/2

[Event "NB2 Toth Laszlo csoport"]
[Site "Mako"]
[Date "2024.12.15"]
[Round "4.9"]
[White "Huszar, Adam Janos"]
[Black "Gyori, Balint"]
[Result "1/2-1/2"]
[WhiteElo "1936"]
[BlackElo "1796"]
[PlyCount "119"]
[GameId "2124574503919806"]
[EventDate "2024.11.03"]
[EventType "team-tourn"]
[EventRounds "9"]
[EventCountry "HUN"]
[Source "chess.hu"]
[WhiteTeam "Felegyhaza-Csongrad"]
[BlackTeam "Duocor-Makoi SVSE II"]
[WhiteTeamCountry "HUN"]
[BlackTeamCountry "HUN"]

1. e4 e5 2. Nf3 Nc6 3. Bc4 Bc5 4. c3 Nf6 5. d3 d6 6. O-O h6 7. Re1 O-O 8. h3 Be6 9. Bb5 a6 10. Ba4 b5 11. Bc2 Qc8 12. Nh2 Nh7 13. Be3 Bxe3 14. Rxe3 f5 15. d4 f4 16. Rf3 Bd7 17. a4 Ng5 18. Rd3 exd4 19. cxd4 f3 20. Nxf3 Nxf3+ 21. Rxf3 Rxf3 22. Qxf3 Nxd4 23. Qd3 c5 24. Nc3 Rb8 25. axb5 axb5 26. Ne2 Nxe2+ 27. Qxe2 Qc6 28. Ra3 Re8 29. Re3 Be6 30. Bb1 Bc4 31. Qc2 Bf7 32. Qd2 Bg6 33. Qe2 Ra8 34. Bc2 c4 35. Rg3 Ra1+ 36. Kh2 Bh7 37. Qg4 Ra7 38. Qh4 Kh8 39. Qd8+ Bg8 40. Qh4 Rf7 41. Qg4 Qd7 42. Qe2 Qa7 43. Rf3 Rxf3 44. Qxf3 Qd4 45. b3 cxb3 46. Bxb3 Bxb3 47. Qxb3 Qxf2 48. Qxb5 Qf4+ 49. Kh1 Kh7 50. Qd5 Qe5 51. Qd3 Kg6 52. Qf3 h5 53. Kg1 Qd4+ 54. Kh2 Qe5+ 55. Kh1 Kg5 56. g3 Qa1+ 57. Kh2 Qb2+ 58. Kh1 Qc1+ 59. Kh2 Qd2+ 60. Kh1 1/2-1/2

[Event "NB2 Toth Laszlo csoport"]
[Site "Mako"]
[Date "2024.12.15"]
[Round "4.10"]
[White "Hajnal, Bence"]
[Black "Tanacs, Istvan"]
[Result "1-0"]
[WhiteElo "1882"]
[BlackElo "1706"]
[PlyCount "42"]
[GameId "2124574551318734"]
[EventDate "2024.11.03"]
[EventType "team-tourn"]
[EventRounds "9"]
[EventCountry "HUN"]
[Source "chess.hu"]
[WhiteTeam "Duocor-Makoi SVSE II"]
[BlackTeam "Felegyhaza-Csongrad"]
[WhiteTeamCountry "HUN"]
[BlackTeamCountry "HUN"]

1. Nc3 e5 2. Nf3 d6 3. d4 Qe7 4. Nd5 Qd7 5. dxe5 dxe5 6. Nxe5 Qd6 7. Bf4 Qd8 8. Ng6 fxg6 9. Nxc7+ Ke7 10. Nxa8 Qa5+ 11. c3 Nc6 12. Bd6+ Kf7 13. Qb3+ Be6 14. Qxb7+ Nce7 15. Nc7 Bd5 16. Nxd5 Qxd5 17. Qxd5+ Nxd5 18. Bxf8 Kxf8 19. O-O-O Nde7 20. e4 Kf7 21. Rd8 g5 1-0

[Event "NB2 Toth Laszlo csoport"]
[Site "Mako"]
[Date "2024.12.15"]
[Round "4.11"]
[White "Csak, Zoltan Barnabas"]
[Black "Szalai, Anita"]
[Result "1-0"]
[WhiteElo "1731"]
[BlackElo "1627"]
[PlyCount "77"]
[GameId "2124574583132382"]
[EventDate "2024.11.03"]
[EventType "team-tourn"]
[EventRounds "9"]
[EventCountry "HUN"]
[Source "chess.hu"]
[WhiteTeam "Felegyhaza-Csongrad"]
[BlackTeam "Duocor-Makoi SVSE II"]
[WhiteTeamCountry "HUN"]
[BlackTeamCountry "HUN"]

1. e4 e5 2. Nf3 d6 3. d4 exd4 4. Nxd4 Nf6 5. Nc3 Be7 6. Bf4 O-O 7. Qd2 c6 8. O-O-O b5 9. f3 b4 10. Na4 Qa5 11. b3 c5 12. Nb5 Bd7 13. Nxd6 Bxa4 14. bxa4 Qxa4 15. Kb1 a6 16. Bc4 Nbd7 17. e5 Nb6 18. Bb3 Qa3 19. exf6 Bxf6 20. Qc1 Qa5 21. Rhe1 Na4 22. Bxa4 Qxa4 23. Bg5 Bc3 24. Re4 Rab8 25. Be7 f5 26. Rc4 Rf6 27. Bxf6 Bxf6 28. Rd5 a5 29. Rdxc5 h6 30. Nxf5 Rd8 31. Rc8 Qd7 32. Rxd8+ Qxd8 33. Ng3 Qd5 34. Rc8+ Kh7 35. Ne4 Bd4 36. g4 a4 37. Qf4 Qb7 38. Rd8 Bb6 39. Qf5+ 1-0

[Event "NB2 Toth Laszlo csoport"]
[Site "Mako"]
[Date "2024.12.15"]
[Round "4.12"]
[White "Kralik, Attila"]
[Black "Huszar, Mate Bence"]
[Result "1/2-1/2"]
[WhiteElo "1746"]
[BlackElo "1543"]
[PlyCount "68"]
[GameId "2124574616785134"]
[EventDate "2024.11.03"]
[EventType "team-tourn"]
[EventRounds "9"]
[EventCountry "HUN"]
[Source "chess.hu"]
[WhiteTeam "Duocor-Makoi SVSE II"]
[BlackTeam "Felegyhaza-Csongrad"]
[WhiteTeamCountry "HUN"]
[BlackTeamCountry "HUN"]

1. Nf3 d5 2. g3 Nc6 3. d4 Bf5 4. c3 e6 5. Bg2 Be7 6. O-O h5 7. h4 Nf6 8. Bf4 Ne4 9. Ne5 Nxe5 10. dxe5 g5 11. Bxe4 gxf4 12. Bxf5 exf5 13. Qa4+ c6 14. Qxf4 Qd7 15. Nd2 O-O-O 16. Nf3 c5 17. Ng5 Bxg5 18. hxg5 Qe6 19. Qe3 b6 20. Kg2 Rde8 21. f4 h4 22. Rh1 hxg3 23. Rxh8 Rxh8 24. Rh1 Rxh1 25. Kxh1 Qg6 26. Qxg3 Qh5+ 27. Qh2 Qg4 28. b4 cxb4 29. cxb4 d4 30. Qf2 d3 31. exd3 Qd1+ 32. Kg2 Qg4+ 33. Qg3 Qe2+ 34. Kh3 Qh5+ 1/2-1/2